000 00502nam a22001937a 4500
003 LK-CoDNM
005 20250123134236.0
008 250123b |||||||| |||| 00| 0 eng d
040 _aLK-CoDNM
_dLK-CoDNM
_eLK-CoDNM
041 _aeng
080 _a13
_bB27
100 _aM. A Smith, Geoffrey
245 _aPrimitive Animals
260 _aCambridge
_bCambridge at university press
_c1911
300 _ax, 156p. : ill ; 16 cm
650 _aAnimal Kingdom
650 _aPlants
942 _cBK
999 _c237334
_d237334